| 000 | 00545nac a22001331u 4500 | ||
|---|---|---|---|
| 008 | 081009s19811982eu||||||r||| 00| 0 ara d | ||
| 082 |
_a214 _bد ج و _222 |
||
| 110 |
_aAl Azhar Mogamea Al Behouth Al Islameya. _916580 |
||
| 245 |
_aمفاهيم إسلامية : _bمقالات وفتاوى / _cيوسف الدجوي |
||
| 260 |
_aالقاهرة : _bالهيئة العامة لشئون المطابع الأميرية ،1981 _c1981 |
||
| 300 |
_a2 مج ؛ _c24 سم. |
||
| 541 |
_aالف باء ؛ _cشراء ؛ |
||
| 942 |
_cBB _k214 د ج و _2ddc |
||
| 999 |
_c7025 _d7025 |
||